000 00467nam a22001577a 4500
003 OSt
008 260428b |||||||| |||| 00| 0 eng d
082 _a634.421
_bM29E
100 _aMandal, Asim Kumar
245 _aEffect of Growth Substances on Fruiting and Physico-Chemical Characteristics of Guava (Psidium Gujava L.)
260 _aPusa, Samastipur
_bRAU
_c1993
300 _a90P.
502 _bMsc.
_d1993
650 _aFruit & Fruit Technology
942 _2ddc
_cT
999 _c50220
_d50220